| 000 | 00903nam a2200253Ia 4500 | ||
|---|---|---|---|
| 003 | GCL | ||
| 005 | 20240530102543.0 | ||
| 008 | 140319s9999 xx 000 0 ara d | ||
| 020 | _a9770512206 | ||
| 040 |
_aGCL / _cGCL |
||
| 082 | 0 | 4 |
_a940.1 _bس ا |
| 100 | 1 | _aسعيد عبدالفتاح عاشور | |
| 245 | 1 | 0 |
_aاوربا العصور الوسطى / _cسعيد عبدالفتاح عاشور |
| 250 |
_aط7 _bمزيدة ومنقحة |
||
| 260 |
_aالقاهرة : _bمكتبة الانجلوالمصرية ، _c1994 |
||
| 300 |
_a4 جزء × 2 مج ؛ _c24 سم |
||
| 501 | _aالجزء الاول : التاريخ السياسى | ||
| 650 | 0 | 4 | _aتاريخ |
| 650 | 0 | 4 | _aالحروب الصليبية |
| 650 | 0 | 4 | _aالعصور الوسطى |
| 650 | 0 | 4 | _aالامبراطورية الرومانية |
| 650 | 0 | 4 | _aاوربا - تاريخ - العصور الوسطى |
| 942 |
_2ddc _cBK |
||
| 999 |
_c33001 _d33001 |
||